| 000 | 01226naa a2200193 i 4500 | ||
|---|---|---|---|
| 001 | 9409 | ||
| 003 | KOSZ 005 | ||
| 005 | 20180328102505.0 | ||
| 008 | 140512s1994 pl f |100 0 pol | ||
| 040 |
_cBPK _dKOSZ 005/EG |
||
| 100 | 1 |
_aPRECHT, Witold. _d1973 - 1996. _bWyższa Szkoła Inżynierska w Koszalinie - Instytut Inżynierii Materiałowej, _cZakład Fizyki Ciała Stałego |
|
| 245 | 1 | 0 |
_aWłasności warstw TiCxN1-x nanoszonych na podłoża stalowe trzema metodami PVD / _cW. Precht, A. Czyżniewski, A. Rylski, M. Pancielejko, W. Walkowiak. |
| 655 | 0 | _aMateriały konferencyjne. | |
| 700 | 1 |
_aCZYŻNIEWSKI, Andrzej. _bWyższa Szkoła Inżynierska w Koszalinie - Wydział Mechaniczny, _cZakład Fizyki _d1975 - 1996. |
|
| 700 | 1 |
_aPANCIELEJKO, Mieczysław. _bWyższa Szkoła Inżynierska w Koszalinie - Wydział Mechaniczny, _cKatedra Inżynierii Materiałowej _d1988 - 1996. |
|
| 700 | 1 |
_aWALKOWIAK, Wiesław. _bWyższa Szkoła Inżynierska - Wydział Mechaniczny, _cKatedra Inżynierii Materiałowej _d1988 - 1996. |
|
| 773 | 0 |
_iW : _tMateriały I Ogólnopolskiej Konferencji Naukowej Łódź `94 "Nowoczesne Technologie w Inżynierii Powierzchni". - _dŁódź, 1994. - _gs. 191-194 |
|
| 942 |
_cROZ _2UKD |
||
| 999 |
_c9409 _d9409 |
||